000 00735nam a2200229Ia 4500
005 20260429112026.0
008 260429s9999||||xx |||||||||||||| ||und||
020 _a9781032696584
041 _aEnglish
082 _a020.92
_bBAL
100 _aBales, Stephen
245 0 _aCritical voices in library and information work :
_bvoices and inspiration from the discipline /
_cStephen Bales
250 _a1st ed.
260 _aUnited Kingdom :
_bRoutledge,
_c2026.
300 _avi, 174 p.; pbk
440 _aRoutledge guides to practice in libraries, archives and information science
650 _a Biography
650 _a Library professionals
650 _aLibrary science
700 _a Budzise-weaver, Tina
942 _cTB
999 _c51951
_d51951